000
00366nam a2200181Ia 4500
100
_a
Denny/ Richard
650
_a
Motivation
250
_a
3
942
_c
BK
366
_f
20
654
_a
motivate
245
_a
Motivate to win
260
_b
Kogan Page
_a
New Delhi
_c
2008
082
_a
658.314/DEN
_b
DEN
300
_a
154
546
_a
ENGLISH
999
_c
24267
_d
24267